• 首页
  • 本馆介绍
  • 公告通知
  • 最新文献
  • 馆藏检索
  • 电子资源
  • 读者导购
  • 参考咨询
  • 我的图书馆
  • 登录
  • 详细信息显示
  • 放入我的书架
  • 预约/预借图书
  • 作者相关作品
  • 分类相关作品
  • 丛书相关作品
  • 出版社相关作品

书目信息

  • 表格格式
  • 工作单格式
  • 卡片格式
题名:
列宁论无产阶级革命和无产阶级专政
    
 
作者: 本社编
分册:  
出版信息: 北京   人民出版社  1960
页数: 56页
开本: 20cm
丛书名:
单 册:
中图分类: A73
科图分类:
主题词: 列宁--传记 , 列宁--生平事迹
电子资源:
ISBN:
000 00554nam0 2200193 450
001 0659590937
005 20070922164115.03
010    @dCNY0.14
100    @a20060726d1960 km y0chiy0120 ea
101 0  @achi
102    @aCN@b110000
200 1  @a列宁论无产阶级革命和无产阶级专政@Alie ning lun wu chan jie ji ge ming he wu chan jie ji zhuan zheng@f本社编@Fben she bian
210    @a北京@c人民出版社@d1960
215    @a56页@d20cm
606 0  @a列宁@x传记
606 0  @a列宁@x生平事迹
690    @aA73@v3
801  0 @aCN@bPFT@c20070922
905    @a10447@dA73@e131
    
    列宁论无产阶级革命和无产阶级专政/本社编.-北京:人民出版社,1960
    56页;20cm
    
    
    ISBN :CNY0.14
    
●
相关链接 在E读中查询图书 在五车中查询图书 在当当中查询图书 在豆瓣中查询图书


正题名:列宁论无产阶级革命和无产阶级专政     索取号:A73/131         预约/预借

序号 登录号 条形码 馆藏地/架位号 状态 备注
1 0426756   204267569   密集书库/ [索取号:A73/131] 在馆    
2 0609444   206094448   密集书库/ [索取号:A73/131] 在馆    
3 0609445   206094457   密集书库/ [索取号:A73/131] 在馆    
4 0609446   206094466   密集书库/ [索取号:A73/131] 在馆    
5 0609447   206094475   密集书库/ [索取号:A73/131] 在馆    
6 0609448   206094484   密集书库/ [索取号:A73/131] 在馆    
7 0609449   206094493   密集书库/ [索取号:A73/131] 在馆    
唐山师范学院图书馆 欢迎您!
大连网信软件有限公司© 版权所有